Statystyki dla Chińskie miasta - Quiz na mapie

Kliknij tutaj aby rozwiązać quiz!

Ogólne statystyki

  • Ten quiz został rozwiązany 624 razy
  • Średni wynik to 6 z 13

Odpowiedzi na mapie

Odpowiedzi skodowane kolorowo w zielono-czerwonej skali na mapie do tego quizu, zgodnie z poniższymi procentami.
 

Statystyki odpowiedzi

Odpowiedź% Poprawnych
Pekin
82%
Szanghaj
73%
Hong Kong
70%
Kanton
59%
Wuhan
50%
Lhasa
47%
Urumczi
46%
Harbin
40%
Xi'an
40%
Nanjing
36%
Chengdu
32%
Chongqing
29%
Shenyang
27%

Rozkład punktacji

Percentyl według liczby udzielonych odpowiedzi

Procent ludzi z każdym wynikiem

Twoja historia wyników

Nie rozwiązałeś tego quizu